Hati sejernih kristal (Record no. 102917)

MARC details
000 -LEADER
fixed length control field 00623nam a2200241 i 4500
001 - CONTROL NUMBER
control field C2-0298819
003 - CONTROL NUMBER IDENTIFIER
control field PPAK
005 - DATE AND TIME OF LATEST TRANSACTION
control field 20180728080703.0
008 - FIXED-LENGTH DATA ELEMENTS--GENERAL INFORMATION
fixed length control field 090610s2008 my |||| ||||| | may d
020 ## - INTERNATIONAL STANDARD BOOK NUMBER
International Standard Book Number 9789834310585
040 ## - CATALOGING SOURCE
Original cataloging agency PPAK
Language of cataloging eng
Transcribing agency PPAK
Description conventions rda
082 04 - DEWEY DECIMAL CLASSIFICATION NUMBER
Classification number 899.233
Edition number 23
090 00 - LOCALLY ASSIGNED LC-TYPE CALL NUMBER (OCLC); LOCAL CALL NUMBER (RLIN)
Classification number (OCLC) (R) ; Classification number, CALL (RLIN) (NR) 899.233
Feature heading ZUL
Feature heading G
100 0# - MAIN ENTRY--PERSONAL NAME
Personal name Zulkifli Puteh,
Relator term author
245 10 - TITLE STATEMENT
Title Hati sejernih kristal
264 #1 - PRODUCTION, PUBLICATION, DISTRIBUTION, MANUFACTURE, AND COPYRIGHT NOTICE
Place of production, publication, distribution, manufacture Pulau Pinang :
Name of producer, publisher, distributor, manufacturer ZP ,
Date of production, publication, distribution, manufacture, or copyright notice 2008
300 ## - PHYSICAL DESCRIPTION
Extent 57 pages ;
Dimensions 18 cm
336 ## - CONTENT TYPE
Source rdacontent
Content type term text
337 ## - MEDIA TYPE
Source rdamedia
Media type term unmediated
338 ## - CARRIER TYPE
Source rdacarrier
Carrier type term volume
650 10 - SUBJECT ADDED ENTRY--TOPICAL TERM
Topical term or geographic name entry element Malay fiction.
942 ## - ADDED ENTRY ELEMENTS (KOHA)
-- dc
Koha item type Book
Holdings
Withdrawn Not for loan Current library Shelving location Date acquired Full call number Barcode Date last seen Koha item type Total Checkouts Date last checked out
    Perpustakaan Alor Setar Pinjaman Dewasa 23/06/2009 899.233 ZUL A01299647 09/05/2018 Book    
    Perpustakaan Baling Pinjaman Dewasa 23/06/2009 899.233 ZUL A01299654 09/05/2018 Book    
    Perpustakaan Kulim Pinjaman Dewasa 23/06/2009 899.233 ZUL A01299651 07/01/2023 Book 1 18/12/2022
    Perpustakaan Merbok Pinjaman Dewasa 23/06/2009 899.233 ZUL A01299658 09/05/2018 Book    
    Perpustakaan Sik Pinjaman Dewasa 23/06/2009 899.233 ZUL A01299653 09/05/2018 Book    
    PD01, Kg. Bendang Raja, Kuala Nerang Pinjaman Dewasa 23/06/2009 899.233 ZUL A01299666 09/05/2018 Book    
    PD02, Kg. Banggol Besi, Pendang Pinjaman Dewasa 23/06/2009 899.233 ZUL A01299667 09/05/2018 Book    
    PD04, Kg. Bukit Nambua, Kuala Nerang Pinjaman Dewasa 23/06/2009 899.233 ZUL A01299657 09/05/2018 Book    
    PD04, Kg. Bukit Nambua, Kuala Nerang Pinjaman Dewasa 23/06/2009 899.233 ZUL A01299669 09/05/2018 Book    
    PD06, Kg. Kepala Bukit, Pendang Pinjaman Dewasa 23/06/2009 899.233 ZUL A01299671 09/05/2018 Book    
    PD11, Felda Teloi Kanan, Kuala Ketil Pinjaman Dewasa 23/06/2009 899.233 ZUL A01299676 09/05/2018 Book    
    PD12, Kg. Padang, Baling Pinjaman Dewasa 23/06/2009 899.233 ZUL A01299677 09/05/2018 Book    
    PD13, KEDA Lahar Tunjung, Pendang Pinjaman Dewasa 23/06/2009 899.233 ZUL A01299678 09/05/2018 Book    
    PD15, Kg. Naga, Kepala Batas Pinjaman Dewasa 23/06/2009 899.233 ZUL A01299680 09/05/2018 Book    
    PD35, Kg. Sungai Daun, Yan Pinjaman Dewasa 23/06/2009 899.233 ZUL A01299660 09/05/2018 Book    
    PD37, Kg. Belat, Pendang Pinjaman Dewasa 23/06/2009 899.233 ZUL A01299662 09/05/2018 Book    
    PD39, Felda Bukit Tembaga, Kuala Nerang Pinjaman Dewasa 23/06/2009 899.233 ZUL A01299665 09/05/2018 Book